Vista normal
Vista MARC
Entrada Personal Name
Número de registros utilizados en: 2
001 - CONTROL NUMBER
- control field: 40330
003 - CONTROL NUMBER IDENTIFIER
- control field: OSt
005 - DATE AND TIME OF LATEST TRANSACTION
- control field: 20230915232136.0
008 - FIXED-LENGTH DATA ELEMENTS
- fixed length control field: 230915|| aca||aabn | a|a d
040 ## - CATALOGING SOURCE
- Original cataloging agency: OSt
- Transcribing agency: OSt
100 ## - HEADING--PERSONAL NAME
- Personal name: Del Prado, Rita Toquinho López, Pep Del Prado, Rita Buarque, Chico, 1944 - Del Prado, Rita Del Prado, Rita Del Prado, Rita Tatit, Paulo Cavalcanti, Péricles Toquinho
670 ## - SOURCE DATA FOUND
- Source citation: Work cat.: (OSt)33134: Cantoalegre 40325, Los niños tienen la palabra [grabación sonora] / , 2007